书目信息 |
| 题名: |
英语考试词汇释通
|
|
| 作者: | 蒋平 编著 | |
| 分册: | ||
| 出版信息: | 北京 中国林业出版社 1997.01 |
|
| 页数: | 328页 | |
| 开本: | 32开 | |
| 丛书名: | ||
| 单 册: | ||
| 中图分类: | ||
| 科图分类: | ||
| 主题词: | 英语 | |
| 电子资源: | ||
| ISBN: | 7-5038-1731-3 | |
| 000 | 00569nam0 2200205 45 | |
| 001 | 9912081043 | |
| 005 | 19991208101819.0 | |
| 010 | @a7-5038-1731-3@d12.80元 | |
| 100 | @a19991208d1997 km y0chiy0120 ea | |
| 101 | @achi | |
| 105 | @a z 000yy | |
| 200 | 1 | @a英语考试词汇释通@AYing Yu Kao Shi Ci Hui Shi Tong@f蒋平等编著@FJiang Ping Deng Bian Zhu |
| 210 | @a北京@c中国林业出版社@d1997.01 | |
| 215 | @a328页@d32开 | |
| 606 | 0 | @a英语 |
| 690 | @v3 | |
| 690 | @aH313.1 | |
| 701 | @a蒋平@4编著 | |
| 801 | @aCN@bPFTUser@c19991208 | |
| 905 | @f3@b46294-296@dH313.1@eJ.535 | |
| 英语考试词汇释通/蒋平等编著.-北京:中国林业出版社,1997.01 |
| 328页;32开 |
| ISBN 7-5038-1731-3:12.80元 |
| ● |
| 相关链接 |
|
|
|
正题名:英语考试词汇释通
索取号:H313.1/J.535
 
预约/预借
| 序号 | 登录号 | 条形码 | 馆藏地/架位号 | 状态 | 备注 |
| 1 | 46294 | 200462944 | 语言库209/209语言库 32排4列4层/ [索取号:H313.1/J.535] | 在馆 | |
| 2 | 46295 | 200462953 | 语言库209/209语言库 32排4列4层/ [索取号:H313.1/J.535] | 在馆 | |
| 3 | 46296 | 200462962 | 语言库209/209语言库 32排4列4层/ [索取号:H313.1/J.535] | 在馆 |